Report of the Commission of Inquiry (Record no. 489219)

000 -LEADER
fixed length control field 00372cam a22001217a 4500
008 - FIXED-LENGTH DATA ELEMENTS--GENERAL INFORMATION
fixed length control field 180718b1969 xxu||||| |||| 00| 0 eng d
082 ## - DEWEY DECIMAL CLASSIFICATION NUMBER
Classification number F5x5414 Or4
100 ## - MAIN ENTRY--PERSONAL NAME
Personal name Orissa. Commission of Inquiry
245 ## - TITLE STATEMENT
Title Report of the Commission of Inquiry
Statement of responsibility, etc. by Home Department, Orissa
260 ## - PUBLICATION, DISTRIBUTION, ETC.
Place of publication, distribution, etc. Bhubaneswar
Name of publisher, distributor, etc. The author
Date of publication, distribution, etc. 1969
300 ## - PHYSICAL DESCRIPTION
Extent 812+p.
700 ## - ADDED ENTRY--PERSONAL NAME
Personal name Orissa. Home Department
Holdings
Withdrawn status Lost status Damaged status Not for loan Permanent Location Current Location Date acquired Full call number Barcode Date last seen Price effective from Koha item type
        Indian Institute of Public Administration Indian Institute of Public Administration 2018-08-04 F5x5414 Or4 GG9525 2018-08-04 2018-08-04 GG

Powered by Koha